[Event "Schleswig Holstein-ch Hauptturnier"]
[Site "Ratzeburg"]
[Date "2017.04.11"]
[Round "5.1"]
[White "Wirries, Frank Michael"]
[Black "Morawe, David"]
[Result "1-0"]
[WhiteElo "1814"]
[BlackElo "1458"]
[PlyCount "49"]
[EventDate "2017.04.08"]
[EventType "swiss"]
[EventRounds "9"]
[EventCountry "GER"]
[SourceTitle "EXT 2022"]
[Source "ChessBase"]
[SourceDate "2021.10.06"]
[SourceVersion "1"]
[SourceVersionDate "2021.10.06"]
[SourceQuality "1"]

1. e4 c5 2. Nf3 Nc6 3. d4 cxd4 4. Nxd4 e5 5. Nb5 a6 6. Nd6+ Bxd6 7. Qxd6 Qf6 8. Qd1 Qg6 9. Nc3 d5 10. Nxd5 Qxe4+ 11. Be3 Nd4 12. Nc7+ Ke7 13. Qd3 Nxc2+ 14. Kd2 Bf5 15. Bc5+ Kf6 16. Qd6+ Be6 17. Bd3 Qc6 18. Qxc6 bxc6 19. Kxc2 Rd8 20. Nxe6 Kxe6 21. Bc4+ Kf5 22. Rad1 Nf6 23. Rxd8 Rxd8 24. Rd1 Nd5 25. Bxa6 1-0